Regulations for civilian industrial employees at air ministry establishments (Record no. 500088)

000 -LEADER
fixed length control field 00391cam a22001097a 4500
008 - FIXED-LENGTH DATA ELEMENTS--GENERAL INFORMATION
fixed length control field 180718b1961 xxu||||| |||| 00| 0 eng d
082 ## - DEWEY DECIMAL CLASSIFICATION NUMBER
Classification number K6x42 Un3a
245 ## - TITLE STATEMENT
Title Regulations for civilian industrial employees at air ministry establishments
Statement of responsibility, etc. by Air Ministry, United Kingdom
260 ## - PUBLICATION, DISTRIBUTION, ETC.
Place of publication, distribution, etc. London
Name of publisher, distributor, etc. Her Majesty's Stationery Office
Date of publication, distribution, etc. 1961
300 ## - PHYSICAL DESCRIPTION
Extent 175p.
700 ## - ADDED ENTRY--PERSONAL NAME
Personal name United Kingdom. Air Ministry
Holdings
Withdrawn status Lost status Damaged status Not for loan Permanent Location Current Location Date acquired Full call number Barcode Date last seen Price effective from Koha item type
        Indian Institute of Public Administration Indian Institute of Public Administration 2018-08-04 K6x42 Un3a G5145 2018-08-04 2018-08-04 G

Powered by Koha